杏林深耕四十年

資料類型: Book 圖書   書目號:40820

Leader xxxxxxxxxx
001 __ PCLIS00040820
005 __ 20090508160223.0
008 __  chi
010 0_ |a978-957-05-2332-4|b平裝|d
042 __ |anbic
100 __ |a20081022d2009    k  y0chiy09      e
101 0_ |achi
102 __ |atw
105 __ |aa   z   000yy
200 1_ |a杏林深耕四十年|e|f陳文龍著
205 __ |a初版
210 __ |a臺北市|c臺灣商務|d2009.01
215 0_ |a235面|c|d21公分
225 2_ |a新萬有文庫|i文學|v
260 1_ |a2009
300 __ |a
681 __ |a856.9|b7500|v增訂八版
700 _1 |a|b文龍|4
702 __ |a|b|4
801 _0 |atw|bCIP|c20081022|gCCR
801 _2 |aTW|bPTL|c20090508|gCCR
詳細館藏(共 1 筆)
索 書 號登 錄 號冊次號館別 / 館藏地流通類型狀態加入預約清單電子資源
856.9 / 8763 2017048  圖書館 / 一樓普通區 可外借30天 在館   

| 條列資料




目錄查詢 分類查詢 個人資料 圖書薦購 新書查詢 閉館日 排行榜 更多電子資源 Hami書城 線上資料庫 登出

From : 216.73.217.87

  本日流通累計至 22:03:14 借閱 : 13 次 續借 : 0 次 歸還 : 10 次 預約 : 0 次 電子資源 : 0 次


內湖高中圖書館  PCLIS 版本  26.5.0.12